000 00553nam a22001577a 4500
003 SGT
020 _a8170406986
082 _a658.84, BAL
100 _aBALAGOPAL T.A.S.
245 _aEXPORT MANAGEMENT
260 _aNEW DELHI
_bHIMALAYA
_c1993
300 _a352
650 _aMANAGEMENT
653 _aECONOMY AND EXPORT - NEED AND RELEVANCE, INDIA'S EXPORT TRADE, INTERNATIONAL MARKETING, EXPORT MANAGEMENT, EXPORT POLICY,PROMOTION AND REGULATION, EXPORT PRICING, EXPORT FINANCE, EXPORT PROCEDURES, COUNTERTRADE, GLOBALISATION
942 _2ddc
_cFCM
999 _c9127
_d9127